| 000 | 00538nam a22001937a 4500 | ||
|---|---|---|---|
| 003 | OSt | ||
| 005 | 20140310182759.0 | ||
| 008 | 130212t xxu||||| |||| 00| 0 eng d | ||
| 020 | _a9789710847686 | ||
| 050 |
_aQA 76.5 _b.L319 1986 |
||
| 100 | _aLa Putt, Juny P. | ||
| 245 |
_aTitle Introduction to computer concepts / _cJuny Pilapil La Putt |
||
| 260 |
_aBaguio City ; _bBaguio Research and Publishing Center, _c1984. |
||
| 300 |
_a306 p. : _bill. ; _c22 cm. |
||
| 521 | _aIT | ||
| 562 | _e1 | ||
| 942 |
_2lcc _cBK _kLOC |
||
| 999 |
_c15932 _d15932 |
||